| 000 | 00726nam a2200241 a 4500 | ||
|---|---|---|---|
| 008 | |||
| 020 | _a9780323373401 (paperback) | ||
| 040 |
_aNUST _cNUST |
||
| 049 | _aMAIN | ||
| 090 |
_aR728.8 _bMED |
||
| 245 | 1 | 0 | _aMedical assistant module D |
| 260 |
_aSt. Louis, Missouri : _bElsevier/Saunders, _c2016. |
||
| 300 |
_axxiii, 371 pages : _billustrations (chiefly colour) ; _c28 cm. |
||
| 336 |
_atext _btxt _2rdacontent |
||
| 337 |
_aunmediated _bn _2rdamedia |
||
| 338 |
_avolume _bnc _2rdacarrier |
||
| 500 | _aIncludes index. | ||
| 650 | 1 | _aMedical assistants. | |
| 907 |
_a.b10405525 _b17-06-21 _c17-06-21 |
||
| 003 | |||
| 005 | 20230120204309.0 | ||
| 942 |
_cBOOKS _kR728.8 _mMED |
||
| 999 |
_c120699 _d120699 |
||